• 首页
  • 本馆介绍
  • 公告通知
  • 最新文献
  • 馆藏检索
  • 电子资源
  • 读者导购
  • 参考咨询
  • 我的图书馆
  • 登录
  • 详细信息显示
  • 放入我的书架
  • 预约/预借图书
  • 作者相关作品
  • 分类相关作品
  • 丛书相关作品
  • 出版社相关作品

书目信息

  • 表格格式
  • 工作单格式
  • 卡片格式
题名:
海洋生态环境监测技术方法培训教材
    
 
作者: 樊景凤 主编
分册:   生物分册
出版信息: 北京   海洋出版社  2018
页数: 323页
开本: 26cm
丛书名:
单 册:
中图分类: P71 , P714
科图分类:
主题词: 海洋环境--Hai Yang Huan Jing--生态环境--海洋监测--技术培训--教材 , 海洋生物--Hai Yang Sheng Wu--海洋监测--技术培训--教材
电子资源:
ISBN: 978-7-5210-0198-3
000 01192nam 2200277 450
001 012001002741
005 20230216165614.33
010    @a978-7-5210-0198-3@dCNY98.00
099    @aCAL 012019045683
100    @a20181221d2018 em y0chiy50 ea
101 0  @achi
102    @aCN@b110000
105    @aa a 000yy
200 1  @a海洋生态环境监测技术方法培训教材@Ahai yang sheng tai huan jing jian ce ji shu fang fa pei xun jiao cai@i生物分册@f樊景凤主编
210    @a北京@c海洋出版社@d2018
215    @a323页@c图@d26cm
320    @a有书目
330    @a本书分别对海洋浮游植物、海洋浮游动物、大型底栖生物和海洋游泳动物的基本理论知识、监测方法、资料整理和报告编写以及种类鉴定进行简述,以解决海洋生物多样性监测工作中,监测机构普通反应物种鉴定专业性较强、难度较大,急需开展定期的业务交流和培训,以提高海洋生物多样性监测数据的标准化和规范化的问题。
517 1  @a生物分册@Asheng wu fen ce
606 0  @a海洋环境@AHai Yang Huan Jing@x生态环境@x海洋监测@x技术培训@j教材
606 0  @a海洋生物@AHai Yang Sheng Wu@x海洋监测@x技术培训@j教材
690    @aP71@v5
690    @aP714@v5
701  0 @a樊景凤@Afan jing feng@4主编
801  0 @aCN@b北京卓展@c20191020
905    @b1205742-4@dP71@e113@f3
    
    海洋生态环境监测技术方法培训教材.生物分册/樊景凤主编.-北京:海洋出版社,2018
    323页:图;26cm
    
    
    ISBN 978-7-5210-0198-3:CNY98.00
    本书分别对海洋浮游植物、海洋浮游动物、大型底栖生物和海洋游泳动物的基本理论知识、监测方法、资料整理和报告编写以及种类鉴定进行简述,以解决海洋生物多样性监测工作中,监测机构普通反应物种鉴定专业性较强、难度较大,急需开展定期的业务交流和培训,以提高海洋生物多样性监测数据的标准化和规范化的问题。
●
相关链接 在E读中查询图书 在五车中查询图书 在当当中查询图书 在豆瓣中查询图书


正题名:海洋生态环境监测技术方法培训教材     索取号:P71/113         预约/预借

序号 登录号 条形码 馆藏地/架位号 状态 备注
1 1052680   210526803   第三借阅区/ [索取号:P71/113] 在馆    
2 1205742   212057423   第二样本阅览室/ [索取号:P71/113] 在馆    
3 1205743   212057432   第三借阅区/ [索取号:P71/113] 在馆    
4 1205744   212057441   第三借阅区/ [索取号:P71/113] 在馆    
唐山师范学院图书馆 欢迎您!
大连网信软件有限公司© 版权所有